| Поле | Название | Значение |
| |
Тип записи |
a |
| |
Библиографический уровень |
m |
| 001 |
Контрольный номер |
RuMoRGB-006549671 |
| 005 |
Дата корректировки |
20230707133328.2 |
| 010 |
Индекс ISBN |
__ |
| a |
ISBN |
978-5-699-60581-1 |
| d |
Цена |
307-69 |
| 100 |
Данные общей обработки |
__ |
| a |
Данные общей обработки |
19130130g2013 |||y1rusy0189 ca |
| 101 |
Язык документа |
__ |
| a |
Язык текста |
rus |
| c |
Язык оригинала |
eng |
| 102 |
Страна публикации |
__ |
| a |
Страна публикации |
ru |
| 102 |
Страна публикации |
__ |
| a |
Страна публикации |
ru |
| 105 |
Кодированные данные (монография) |
__ |
| a |
Кодированные данные (монография) |
y zzzz000zy |
| 200 |
Заглавие и сведения об ответственности |
__ |
| a |
Заглавие |
Страхи мудреца |
| e |
Сведения, относящиеся к заглавию |
[в 2 кн. : 16+] |
| f |
Первые сведения об ответственности |
Патрик Ротфусс ; [пер. с англ. А. С. Хромовой] |
| h |
Номер части |
Кн. 2 |
| 210 |
Выходные данные |
__ |
| a |
Место издания |
Москва |
| c |
Издательство |
ЭКСМО |
| d |
Дата издания |
[2013] |
| 215 |
Физическое описание |
__ |
| a |
Объем |
605, [1] с. |
| 225 |
Серия (Журнальная рубрика) |
__ |
| a |
Серия (Журнальная рубрика) |
Книга-фантазия |
| 300 |
Общие примечания |
__ |
| a |
Общие примечания |
На обл.: Хроника убийцы Короля: день второй |
| 300 |
Общие примечания |
__ |
| a |
Общие примечания |
Из цикла "Хроника убийцы Короля" |
| 606 |
Тематические рубрики |
__ |
| a |
Основная рубрика |
Художественная литература |
| 606 |
Тематические рубрики |
__ |
| a |
Основная рубрика |
Литература Америки (произведения) |
| 610 |
Ключевые слова |
__ |
| a |
Ключевые слова |
американская литература |
| 610 |
Ключевые слова |
__ |
| a |
Ключевые слова |
фантастика |
| 686 |
Индексы других классификаций |
__ |
| a |
Индекс ББК |
84(7Сое)-4 |
| 700 |
Автор |
_1 |
| a |
Фамилия |
Ротфусс |
| b |
Имя |
П. |
| f |
Даты |
1973- |
| g |
Полное личное имя |
Патрик |
| 801 |
Источник записи |
_0 |
| a |
Страна |
ru |
| b |
Организация |
RuMoRKP |
| c |
Дата составления |
20130130 |
| 801 |
Источник записи |
_1 |
| a |
Страна |
ru |
| b |
Организация |
RuMoRKP |
| c |
Дата составления |
20130130 |
| 801 |
Источник записи |
_2 |
| a |
Страна |
ru |
| b |
Организация |
РГБ |
| c |
Дата составления |
20130130 |
| 801 |
Источник записи |
_2 |
| a |
Страна |
ru |
| b |
Организация |
Центральная районная библиотека им. Г. А. Пирожникова |
| c |
Дата составления |
20130130 |
| 852 |
Данные о местонахождении |
__ |
| j |
Шифр хранения |
84(7Сое) |
| i |
Авторский знак |
Р 79 |
| b |
Сигла хранения |
ООЧ; 8; 24; 26; 29 |
| 901 |
Тип документа |
__ |
| t |
Тип документа |
m |
| 902 |
Роль лиц |
__ |
| a |
Создатель БЗ |
ОКиО/Ковалева Е. |
| 990 |
Данные о заказе (DOS) |
__ |
| j |
Количество экземпляров (DOS) |
5 |
| h |
N записи в КСУ для Б/У (DOS) |
2013-7 |